[Event "Trindade op"]
[Site "Trindade"]
[Date "2018.08.31"]
[Round "1"]
[White "De Carvalho, Jose Luciano Leonel"]
[Black "Mekhitarian, Krikor Sevag"]
[Result "0-1"]
[WhiteElo "1683"]
[BlackElo "2554"]
[PlyCount "90"]
[EventDate "2018.08.31"]
[EventType "swiss"]
[EventRounds "6"]
[EventCountry "BRA"]
[SourceTitle "CBM 187 Extra"]
[Source "ChessBase"]
[SourceDate "2018.11.04"]
[SourceVersion "1"]
[SourceVersionDate "2018.11.04"]
[SourceQuality "1"]

1. d4 Nf6 2. Nd2 d5 3. Ngf3 c5 4. c3 Nc6 5. e3 g6 6. Bd3 Bg7 7. Ne5 Nxe5 8. dxe5 Ng4 9. Bb5+ Bd7 10. e6 Bxb5 11. exf7+ Kxf7 12. Qxg4 Rf8 13. Nf3 h6 14. Bd2 Qd6 15. Qf4+ Kg8 16. Qxd6 exd6 17. 0-0-0 Be2 18. Rdg1 Rxf3 19. gxf3 Bxf3 20. h4 Bxh1 21. Rxh1 Rf8 22. Rg1 Kf7 23. f4 Bf6 24. Be1 Re8 25. Bf2 h5 26. Rd1 Ke6 27. Rg1 Kf5 28. Rd1 d4 29. exd4 cxd4 30. Bxd4 Bxh4 31. Bxa7 Bg3 32. Rd5+ Ke4 33. c4 Bxf4+ 34. Kc2 h4 35. Rd4+ Kf3 36. Rd3+ Kg2 37. Rd1 g5 38. Rg1+ Kf3 39. Rf1+ Kg4 40. Bd4 h3 41. Rg1+ Kf5 42. Kd3 g4 43. Bf2 h2 44. Rh1 g3 45. Bxg3 Bxg3 0-1